000
00192 a2200097 4500
001
2317
100
_a
Pardoc, G
245
_a
Challenge of space
260
_a
_b
Chatto
_c
090
_c
1678
_d
1678
942
_a
NUST-CAE
_c
M
_c
7535
999
_c
237390
_d
237390